LEADER 00939nam0-22002771i-450- 001 990006171620403321 005 19980601 035 $a000617162 035 $aFED01000617162 035 $a(Aleph)000617162FED01 035 $a000617162 100 $a19980601d1989----km-y0itay50------ba 105 $a--------00-yy 200 1 $a<>SISTEMA bancario italiano e l'integrazione dei mercati$eun confronto delle strutture e degli ordinamenti dei principali paesi$fa cura di L. Anderloni e altri. 210 $aMilano$cEgea-Giuffre'$d1989 215 $aXV,, 422 p.$d24 cm 225 1 $aNewfin. Centro studi sull'innovazione finanziaria dell'Universita' Bocconi$v3 676 $a332 801 0$aIT$bUNINA$gRICA$2UNIMARC 901 $aBK 912 $a990006171620403321 952 $aXV M1 127 (3)$b23808*$fFGBC 959 $aFGBC 996 $aSistema bancario italiano e l'integrazione dei mercati$956005 997 $aUNINA DB $aGIU01